00000000nam##2200000za#4500
0019.630641
003CaOODSP
00520210624213934
007cr |||||||||||
008150407|2001||||xxc|||||o    f|0| 0 fre|d
020 |a0-662-85826-3
040 |aCaOODSP|bfre
043 |an-cn---
0861 |aA42-92/2001F-IN
1101 |aCanada. |bAgriculture et agroalimentaire Canada. |bDirection générale de la recherche.
24510|aRégie de l'azote chez les cultures maraîchères: guide pour une fertilisation raisonnée / |h[ressource électronique]|cpar Nicholas Tremblay et al. Publié par le Centre de recherche et de développement en horticulture.
260 |aSaint-Jean-sur-Richelieu - Québec : |bAgriculture et Agroalimentaire Canada. |c2001.
300 |a70p. (700 kb)|bill., références
590 |a01-28|b2001-07-13
69107|aCultures maraîchères|2gcpds
69107|aEngrais|2gcpds
69107|aSol|2gcpds
7201 |aTremblay, Nicholas
77508|tNitrogen management in field vegetables: a guide to efficient fertilization / |w(CaOODSP)9.686124
85640|ahttp://publications.gc.ca|qPDF|s700 KB|uhttps://publications.gc.ca/collections/Collection/A42-92-2001F.pdf